| 000 | 00675nam a2200205 a 4500 | ||
|---|---|---|---|
| 001 | 000042148 | ||
| 005 | 20201002035953.0 | ||
| 008 | 131114s2006 pr a 000 0 spa d | ||
| 020 | _a1881732061 | ||
| 040 |
_aDO-SdBNP _bspa _cBNPHU |
||
| 082 |
_axxx _bR696m |
||
| 100 | 1 |
_aRodríguez Nietzsche, Vicente _956084 |
|
| 245 | 1 | 0 |
_aMadrigales / _cVicente Rodríguez Nietzsche, Andrés Castro Ríos ; prólogo Reynaldo Marcos Padua. |
| 260 |
_aSan Juan, Puerto Rico : _bGuajana, _c2006. |
||
| 300 |
_a59 p. : _bil. ; _c21 cm. |
||
| 490 | 1 | _aGuajana | |
| 700 | 1 | 2 |
_aCastro Ríos, Andrés _d1942- _969142 |
| 700 | 1 | 2 |
_aPadua, Reynaldo Marcos _epról. _969131 |
| 830 | 0 |
_aGuajana _955960 |
|
| 999 |
_c41637 _d41637 |
||